01770nam a22002177a 450000500170000000800410001702000180005804000070007604100120008308200230009510000230011824500480014126000400018930000290022936500530025852011520031165000180146365000150148165000310149670000250152720231219095539.0231218b ||||| |||| 00| 0 eng d a9780670098439 cAL aEnglish 223a363.7384bSHRC aSiddarth Shrikanth aCase for Nature: The Other Planetary Crisis c2023aHaryanabPenguin Random House aix,293 p.bHBc22x14 cm. a6763b₹480.00c₹d₹600.00e20%f14-12-2023 aOur planet is facing not one but two crises. In a world where carbon emissions and climate financing are rightly rising up the agenda, there exists another catastrophe that is often overlooked but just as dire-the global collapse of our ecosystems. Siddarth Shrikanth’s The Case for Nature presents a compelling vision for tackling this other crisis by rethinking our relationship with nature in economic, social and even personal terms. Shrikanth argues that we can create flourishing economies and societies by preserving and restoring our planet’s ‘natural capital’ and introduces the pioneers of this nature-positive revolution with vivid examples from across the world. But he also calls on readers to reflect on the roots of this crisis, drawing upon indigenous world views to show that nature must be woven into our modern societies, not set apart. By offering a hopeful yet deeply pragmatic perspective on how we can exist in harmony with our living planet, The Case for Nature is a must-read for anyone seeking to understand how nature can help us forge a more sustainable future and what they can do to contribute to this vision. aClimate Fight aEcotourism aIndigenous Case for Nature aSHRIKANTH (Siddarth)